[Event "2BLW 2122 SV 1920 Hofheim - SF Neuberg"]
[Site "?"]
[Date "2022.05.15"]
[Round "6.6"]
[White "Burkart, Patrick"]
[Black "Schaffer, Hendrik"]
[Result "1-0"]
[WhiteElo "2317"]
[BlackElo "2258"]
[PlyCount "129"]
[EventDate "2022.??.??"]

1. d4 Nf6 2. c4 g6 3. Nc3 Bg7 4. Nf3 O-O 5. Bf4 d6 6. e3 c5 7. d5 Qa5 8. Nd2
Bd7 9. Be2 Na6 10. O-O Qd8 11. Qb3 Nc7 12. h3 Rb8 13. a4 b6 14. Rfd1 a6 15. e4
Nfe8 16. Bg5 f6 17. Be3 Rf7 18. f4 Bh6 19. Rf1 Rb7 20. Bd3 Qb8 21. Qc2 b5 22.
b3 bxa4 23. Nxa4 e5 24. dxe6 Nxe6 25. Nc3 N8c7 26. Nd5 Bc6 27. Qc3 Qd8 28. Ra3
f5 29. Qc2 fxe4 30. Bxe4 Bxd5 31. cxd5 Nf8 32. g3 Rb4 33. Ra4 Qb8 34. Nc4 Re7
35. Rxb4 cxb4 36. Kg2 Nd7 37. Bd4 Nb5 38. Bb2 Qe8 39. Bf3 Nc5 40. Nxd6 Nxd6 41.
Qxc5 Bf8 42. Qc6 Nf5 43. Rf2 a5 44. Be5 Rxe5 45. fxe5 Qxe5 46. Qe6+ Qxe6 47.
dxe6 Bc5 48. Re2 Bb6 49. Be4 Nd6 50. Bd5 Kf8 51. Rc2 Nf5 52. Rc8+ Ke7 53. Kf3
Kd6 54. Bc4 Ne7 55. Rb8 Bc7 56. Ra8 Kc5 57. g4 h6 58. Ke4 Kd6 59. Ra7 Kc6 60.
h4 Kd6 61. Rxc7 Kxc7 62. Ke5 Kc6 63. Bd3 Kc5 64. Be4 h5 65. g5 1-0

[Event "2BLW 2122 SV 1920 Hofheim - SF Neuberg"]
[Site "?"]
[Date "2022.05.15"]
[Round "6.7"]
[White "Lutz, Klaus-Juergen"]
[Black "Lenhard, Martin"]
[Result "1-0"]
[WhiteElo "2227"]
[BlackElo "2072"]
[PlyCount "81"]
[EventDate "2022.??.??"]

1. e4 e6 2. d4 d5 3. e5 c5 4. c3 Nc6 5. Nf3 Qb6 6. Bd3 Bd7 7. dxc5 Bxc5 8. O-O
f6 9. b4 Be7 10. Be3 Qc7 11. exf6 Nxf6 12. b5 Ne5 13. Nxe5 Qxe5 14. Bd4 Qh5 15.
Nd2 Qxd1 16. Rfxd1 O-O 17. Nf3 b6 18. a4 Bc5 19. Ne5 Rac8 20. Rdc1 Rc7 21. f3
Rfc8 22. Re1 Re8 23. a5 Bc8 24. Nc6 Nd7 25. f4 g6 26. Ra2 a6 27. Nb4 axb5 28.
Nxd5 Ra7 29. Bxb5 Kf7 30. Bxc5 bxc5 31. Ne3 Ba6 32. Nc4 Ke7 33. Rae2 Kf6 34.
Nd6 Re7 35. Bc4 Bxc4 36. Nxc4 Ra6 37. Rb2 h6 38. Rb7 Nf8 39. Reb1 Rc6 40. Ne5
Ra6 41. Ng4+ 1-0

[Event "2BLW 2122 SV 1920 Hofheim - SF Neuberg"]
[Site "?"]
[Date "2022.05.15"]
[Round "6.8"]
[White "Fish, Jonathan M"]
[Black "Baranyai-Molnar, Adam"]
[Result "1-0"]
[WhiteElo "2045"]
[BlackElo "1808"]
[PlyCount "70"]
[EventDate "2022.??.??"]

1. e4 c5 2. Nf3 e6 3. d4 cxd4 4. Nxd4 a6 5. Be2 Nf6 6. Nc3 Bb4 7. O-O Qc7 8.
Bf3 Nc6 9. g3 h5 10. Bg5 Qe5 11. Nxc6 dxc6 12. Bf4 Qa5 13. Bd6 e5 14. a3 Bxd6
15. Qxd6 Nd7 16. Rad1 Rh6 17. Qd2 Qc7 18. Bg2 Nf8 19. f4 Bg4 20. Bf3 Bxf3 21.
Rxf3 exf4 22. Rxf4 Ne6 23. Rf5 h4 24. g4 h3 25. Qe3 Rh4 26. Kh1 Rxg4 27. Qxh3
Rg6 28. e5 Rd8 29. Rdf1 Rh6 30. Qe3 Qe7 31. Ne4 Qh4 32. R5f2 Rd7 33. Nd6+ Rxd6
34. exd6 f5 35. Qe5 Kd7 1-0

[Event "2BLW 2122 SC Remagen Sinzig - SV Koblen"]
[Site "?"]
[Date "2022.05.15"]
[Round "6.1"]
[White "Schenderowitsch, Michael"]
[Black "Chatalbashev, Boris"]
[Result "0-1"]
[WhiteElo "2330"]
[BlackElo "2536"]
[PlyCount "124"]
[EventDate "2022.??.??"]

1. d4 Nf6 2. c4 e6 3. Nf3 c5 4. d5 d6 5. Nc3 exd5 6. cxd5 g6 7. Bf4 a6 8. a4
Bg7 9. h3 O-O 10. e3 Re8 11. Nd2 Nbd7 12. Nc4 Ne5 13. Bxe5 dxe5 14. a5 e4 15.
Nb6 Rb8 16. Qc2 Nd7 17. Nca4 Nxb6 18. Nxb6 h5 19. O-O-O Qd6 20. Kb1 Bd7 21. Rc1
Bf8 22. Be2 Bb5 23. Rhd1 Rbd8 24. g3 Qf6 25. Bc4 Qf5 26. Qe2 Bxc4 27. Rxc4 Qxh3
28. Na4 Qf5 29. Nxc5 Rxd5 30. Rxd5 Qxd5 31. Qc2 Rc8 32. b4 Bxc5 33. bxc5 Kh7
34. Qxe4 Qxe4+ 35. Rxe4 Rxc5 36. Re7 Rxa5 37. Rxf7+ Kh6 38. Rd7 Kg5 39. Rd6 Rc5
40. e4 Rc6 41. f4+ Kg4 42. e5 Kf5 43. Rd7 b5 44. Rf7+ Ke6 45. Rg7 Kd5 46. Rd7+
Kc4 47. Rf7 a5 48. Rf6 Kd5 49. f5 gxf5 50. Rxf5 Re6 51. Rxh5 Rxe5 52. Rh2 b4
53. Rh4 Kc5 54. Rh2 a4 55. Rc2+ Kb5 56. Rf2 a3 57. Rf3 Ka4 58. Rf4 Re1+ 59. Ka2
Re2+ 60. Ka1 a2 61. Rf3 b3 62. Rf1 Ka3 0-1

[Event "2BLW 2122 SC Remagen Sinzig - SV Koblen"]
[Site "?"]
[Date "2022.05.15"]
[Round "6.2"]
[White "Swinkels, Robin"]
[Black "Fritsche, Lutz"]
[Result "1-0"]
[WhiteElo "2505"]
[BlackElo "2315"]
[PlyCount "45"]
[EventDate "2022.??.??"]

1. d4 d6 2. c4 e5 3. Nc3 exd4 4. Qxd4 Nc6 5. Qd2 Nf6 6. b3 Be6 7. e4 a5 8. Bd3
Nd7 9. Rb1 Nc5 10. Bc2 Nb4 11. Nge2 c6 12. O-O Be7 13. Nd4 O-O 14. a3 Nxc2 15.
Qxc2 Bf6 16. Be3 Re8 17. Rfd1 Qc7 18. f3 g6 19. Kh1 Bc8 20. b4 axb4 21. axb4
Ne6 22. Ndb5 cxb5 23. Nd5 1-0

[Event "2BLW 2122 SC Remagen Sinzig - SV Koblen"]
[Site "?"]
[Date "2022.05.15"]
[Round "6.3"]
[White "Hammes, Michael"]
[Black "Burg, Twan"]
[Result "0-1"]
[WhiteElo "2328"]
[BlackElo "2503"]
[PlyCount "86"]
[EventDate "2022.??.??"]

1. d4 Nf6 2. c4 e6 3. Nf3 d5 4. Nc3 Be7 5. Bg5 h6 6. Bh4 O-O 7. e3 b6 8. Rc1
Bb7 9. Bxf6 Bxf6 10. cxd5 exd5 11. Bd3 c5 12. O-O cxd4 13. Nxd4 Nc6 14. Nxc6
Bxc6 15. Ne2 Qd7 16. Nd4 Bxd4 17. exd4 Bb5 18. h3 Rac8 19. Bxb5 Qxb5 20. Qd2
Rfe8 21. Rxc8 Rxc8 22. Rc1 Rxc1+ 23. Qxc1 Qc4 24. Qe3 Qxa2 25. Qe8+ Kh7 26.
Qxf7 Qb1+ 27. Kh2 Qe4 28. f4 Qxd4 29. Qf5+ Kg8 30. Qe6+ Kf8 31. Qd6+ Kf7 32. f5
Qe4 33. Qc7+ Qe7 34. Qf4 Qd7 35. Kg1 d4 36. Kf2 d3 37. Ke3 d2 38. Qc4+ Kf8 39.
Qb4+ Qe7+ 40. Qxe7+ Kxe7 41. Kxd2 Kf6 42. g4 Kg5 43. Ke3 Kh4 0-1

[Event "2BLW 2122 SC Remagen Sinzig - SV Koblen"]
[Site "?"]
[Date "2022.05.15"]
[Round "6.4"]
[White "Cyborowski, Lukasz"]
[Black "Doncevic, Dario"]
[Result "1-0"]
[WhiteElo "2485"]
[BlackElo "2227"]
[PlyCount "41"]
[EventDate "2022.??.??"]

1. c4 g6 2. g3 Bg7 3. Bg2 c5 4. Nc3 Nc6 5. Nf3 d6 6. O-O e5 7. a3 Nge7 8. b4 e4
9. Ne1 f5 10. Bb2 Ne5 11. d3 Be6 12. Na4 cxb4 13. axb4 b5 14. cxb5 O-O 15. dxe4
Rc8 16. exf5 Nxf5 17. Nd3 Bc4 18. Nxe5 dxe5 19. Nc5 Nd4 20. Bxd4 exd4 21. Rxa7
1-0

[Event "2BLW 2122 SC Remagen Sinzig - SV Koblen"]
[Site "?"]
[Date "2022.05.15"]
[Round "6.5"]
[White "Stewart, Neil"]
[Black "Dgebuadze, Alexandre"]
[Result "1/2-1/2"]
[WhiteElo "2245"]
[BlackElo "2468"]
[PlyCount "34"]
[EventDate "2022.??.??"]

1. d4 e6 2. g3 d5 3. Nf3 c6 4. c4 dxc4 5. Bg2 b5 6. Ne5 Bb7 7. O-O Bd6 8. Nc3
a6 9. Ne4 f6 10. Nf3 Ne7 11. b3 c3 12. Nxc3 Nd5 13. Ne4 O-O 14. Nxd6 Qxd6 15.
e4 Ne7 16. Bf4 Qd8 17. Qc2 Ng6 1/2-1/2

[Event "2BLW 2122 SC Remagen Sinzig - SV Koblen"]
[Site "?"]
[Date "2022.05.15"]
[Round "6.6"]
[White "Jaracz, Pawel"]
[Black "Steinacker, Alex"]
[Result "1/2-1/2"]
[WhiteElo "2466"]
[BlackElo "2289"]
[PlyCount "60"]
[EventDate "2022.??.??"]

1. e4 g6 2. d4 Bg7 3. Nf3 d6 4. c3 Nf6 5. Bd3 O-O 6. O-O Nc6 7. Re1 e5 8. h3
Re8 9. Nbd2 d5 10. Nxe5 Nxe5 11. dxe5 Rxe5 12. Nf3 Re8 13. e5 Ne4 14. Bf4 Nc5
15. Bc2 b6 16. Qd2 Bb7 17. Rad1 Ne6 18. Bh6 Qe7 19. Nh2 Qh4 20. Ng4 Red8 21.
Kh2 Bxh6 22. Nxh6+ Kg7 23. Ng4 d4 24. Bb3 Ng5 25. Qf4 Bxg2 26. Qf6+ Kf8 27.
Qh8+ Ke7 28. Qf6+ Kf8 29. Qh8+ Ke7 30. Qf6+ Kf8 1/2-1/2

[Event "2BLW 2122 SC Remagen Sinzig - SV Koblen"]
[Site "?"]
[Date "2022.05.15"]
[Round "6.7"]
[White "Bohn, Thomas"]
[Black "Sarrau, Jelle"]
[Result "1-0"]
[WhiteElo "2319"]
[BlackElo "2385"]
[PlyCount "55"]
[EventDate "2022.??.??"]

1. f4 d5 2. Nf3 Bg4 3. e3 Nd7 4. Be2 Ngf6 5. O-O Bxf3 6. Bxf3 e5 7. d4 exd4 8.
exd4 Be7 9. c4 O-O 10. Nc3 dxc4 11. Bxb7 Rb8 12. Bf3 Nb6 13. Re1 Qd7 14. Be3
Nfd5 15. Qd2 Nxe3 16. Qxe3 Bf6 17. d5 Na4 18. Nxa4 Qxa4 19. b3 Qa3 20. Rac1
cxb3 21. axb3 Rxb3 22. Qe4 Rb4 23. Qf5 Bc3 24. Red1 Bd4+ 25. Kh1 Bb6 26. d6
cxd6 27. Bd5 Rd4 28. Qxf7+ 1-0

[Event "2BLW 2122 SC Remagen Sinzig - SV Koblen"]
[Site "?"]
[Date "2022.05.15"]
[Round "6.8"]
[White "Polaczek, Richard"]
[Black "Polster, Wolfgang"]
[Result "1/2-1/2"]
[WhiteElo "2356"]
[BlackElo "2213"]
[PlyCount "119"]
[EventDate "2022.??.??"]

1. d4 f5 2. Nf3 d6 3. g3 g6 4. Bg2 Bg7 5. O-O Nh6 6. Nc3 Nf7 7. e4 O-O 8. Re1
c6 9. exf5 Bxf5 10. Ne4 Na6 11. c3 Nc7 12. Neg5 Qe8 13. Qb3 Rb8 14. Nxf7 Qxf7
15. Qxf7+ Rxf7 16. Ng5 Rff8 17. Rxe7 Rbe8 18. Rxe8 Rxe8 19. Be3 h6 20. Nf3 g5
21. Re1 Be6 22. a3 Bd5 23. Bd2 Kf7 24. Rxe8 Nxe8 25. Ne1 Bxg2 26. Kxg2 Ke6 27.
Kf3 Nf6 28. h3 Kd5 29. b3 b5 30. Nc2 a5 31. Ne3+ Ke6 32. a4 d5 33. Ke2 Nd7 34.
Kd3 bxa4 35. bxa4 c5 36. c4 cxd4 37. cxd5+ Ke5 38. Bxa5 dxe3 39. Bc3+ Kxd5 40.
Bxg7 exf2 41. Ke2 h5 42. Kxf2 Nc5 43. a5 Ne4+ 44. Kg2 g4 45. h4 Kc4 46. Be5 Kb5
47. Kf1 Kxa5 48. Ke2 Kb5 49. Ke3 Nc5 50. Kf4 Nd3+ 51. Kf5 Nxe5 52. Kxe5 Kc4 53.
Kf4 Kd4 54. Kg5 Ke3 55. Kxh5 Kf3 56. Kg5 Kxg3 57. h5 Kf3 58. h6 g3 59. h7 g2
60. h8=Q 1/2-1/2

[Event "2BLW 2122 SG Porz - SC Heimbach-Weis-Ne"]
[Site "?"]
[Date "2022.05.15"]
[Round "6.1"]
[White "Livaic, Leon"]
[Black "Xu, Xianliang"]
[Result "1-0"]
[WhiteElo "2562"]
[BlackElo "2440"]
[PlyCount "179"]
[EventDate "2022.??.??"]

1. Nf3 c5 2. b3 Nc6 3. Bb2 d5 4. e3 Nf6 5. Bb5 Bg4 6. h3 Bxf3 7. Bxc6+ bxc6 8.
Qxf3 e6 9. c4 Be7 10. d3 O-O 11. Nc3 Nd7 12. O-O Bf6 13. Rac1 Rc8 14. Rc2 Re8
15. Rfc1 Qa5 16. Qe2 h6 17. Qd2 Qa6 18. Na4 Bxb2 19. Rxb2 d4 20. e4 e5 21. g3
Re6 22. f4 exf4 23. gxf4 Rg6+ 24. Kh2 Re8 25. Rf1 Qc8 26. Qa5 Nf6 27. Qe1 Nd7
28. Qh4 Qc7 29. Kh1 Qa5 30. Rbf2 Qc7 31. e5 Qd8 32. Qxd8 Rxd8 33. Kh2 Re6 34.
Rg1 Kf8 35. Rfg2 g5 36. fxg5 hxg5 37. Rxg5 Rxe5 38. h4 Rde8 39. h5 Re2+ 40.
R1g2 R8e5 41. Rg8+ Ke7 42. Rxe2 Rxe2+ 43. Kh3 Re3+ 44. Rg3 Kf6 45. Rxe3 dxe3
46. Kg3 Kg5 47. Kf3 Kxh5 48. Nc3 Kg5 49. Ne4+ Kf5 50. Kxe3 Ke5 51. Ng5 f6 52.
Nf3+ Ke6 53. Ke4 f5+ 54. Kf4 Kf6 55. d4 cxd4 56. Nxd4 Ne5 57. Nxf5 Nd3+ 58. Ke3
Nc1 59. Nd4 c5 60. Nc6 Nxa2 61. Kd2 Ke6 62. Nxa7 Nb4 63. Kc3 Kd6 64. Kb2 Kc7
65. Ka3 Kb6 66. Nb5 Nd3 67. Nc3 Kc6 68. Nd5 Kd6 69. Ka4 Nc1 70. Ka3 Nd3 71. Nc3
Kc6 72. Ka4 Nc1 73. Ne4 Kb6 74. Nf2 Kc6 75. Ka3 Ne2 76. Nd3 Kb6 77. Ne5 Nd4 78.
Ka4 Kc7 79. Nd3 Kc6 80. Ka3 Kb6 81. Kb2 Kc6 82. Nf4 Nf3 83. Kc3 Ng5 84. Kd3 Nf3
85. Ne2 Ne1+ 86. Ke4 Nc2 87. Nc1 Kd6 88. Kd3 Nb4+ 89. Kc3 Na2+ 90. Nxa2 1-0

[Event "2BLW 2122 SG Porz - SC Heimbach-Weis-Ne"]
[Site "?"]
[Date "2022.05.15"]
[Round "6.3"]
[White "Polak, Tomas"]
[Black "Suvorov, Alexander"]
[Result "1-0"]
[WhiteElo "2506"]
[BlackElo "2365"]
[PlyCount "75"]
[EventDate "2022.??.??"]

1. d4 Nf6 2. c4 g6 3. Nc3 Bg7 4. e4 d6 5. Nf3 O-O 6. Be2 e5 7. O-O Bg4 8. d5 a5
9. Be3 Na6 10. Rb1 b6 11. b3 Nc5 12. Nd2 h5 13. h3 Bd7 14. a3 Nh7 15. b4 axb4
16. axb4 Nb7 17. Qc2 f5 18. exf5 gxf5 19. f4 Qe8 20. Rbe1 Qg6 21. fxe5 Bxe5 22.
Nf3 Bg7 23. Bd3 Rae8 24. Bf4 Qf6 25. Ne2 c5 26. dxc6 Bxc6 27. Ned4 Be4 28. g3
d5 29. cxd5 Nd6 30. Ne6 Rxe6 31. dxe6 Qxe6 32. Bxd6 Qxd6 33. Bxe4 fxe4 34. Rxe4
Qxg3+ 35. Qg2 Qd6 36. Kh1 Qd3 37. Re7 Ng5 38. Rxg7+ 1-0

[Event "2BLW 2122 SG Porz - SC Heimbach-Weis-Ne"]
[Site "?"]
[Date "2022.05.15"]
[Round "6.4"]
[White "Korotkjevich, Stanislav"]
[Black "Winterberg, Lukas"]
[Result "1/2-1/2"]
[WhiteElo "2360"]
[BlackElo "2384"]
[PlyCount "107"]
[EventDate "2022.??.??"]

1. d4 Nf6 2. Nf3 d5 3. Bf4 c5 4. e3 Nc6 5. c3 Qb6 6. Qc1 cxd4 7. exd4 Bf5 8.
Be2 e6 9. O-O Be7 10. Nbd2 O-O 11. b3 Rfc8 12. Qb2 Ne4 13. Rac1 Qd8 14. h3 a5
15. a4 Qf8 16. Nb1 g5 17. Bh2 h5 18. Nfd2 Qh6 19. Nxe4 Bxe4 20. Nd2 Bf5 21. g4
hxg4 22. hxg4 Kg7 23. f3 Rh8 24. Rf2 Bg6 25. Nf1 Kg8 26. Qd2 Rc8 27. Bd3 Nxd4
28. cxd4 Rxc1 29. Qxc1 Bxd3 30. Qd2 Bxf1 31. Kxf1 Qg6 32. Qc2 Kg7 33. Qxg6+
Kxg6 34. Rc2 Bf6 35. Bg1 b5 36. Rc5 bxa4 37. bxa4 Rb8 38. Rxa5 Rb4 39. Ra8 Bxd4
40. Bxd4 Rxd4 41. a5 Ra4 42. Ke2 Kf6 43. Ra7 d4 44. a6 Ra2+ 45. Kd3 e5 46. Kc4
Rc2+ 47. Kb4 d3 48. Rd7 d2 49. Kb5 e4 50. fxe4 Ke5 51. a7 Ra2 52. Kb6 Rb2+ 53.
Kc7 Ra2 54. Kb8 1/2-1/2

[Event "2BLW 2122 SG Porz - SC Heimbach-Weis-Ne"]
[Site "?"]
[Date "2022.05.15"]
[Round "6.5"]
[White "Schulz, Klaus-Juergen"]
[Black "Suvorov, Luca"]
[Result "1-0"]
[WhiteElo "2325"]
[BlackElo "2301"]
[PlyCount "117"]
[EventDate "2022.??.??"]

1. d4 Nf6 2. c4 e6 3. g3 d5 4. Bg2 Bb4+ 5. Bd2 Bd6 6. Nc3 c6 7. Nf3 O-O 8. O-O
Nbd7 9. e4 Nxe4 10. Nxe4 dxe4 11. Ng5 Be7 12. Nxe4 Nf6 13. Bc3 h6 14. Qc2 Nxe4
15. Bxe4 Bf6 16. Rad1 Qb6 17. c5 Qd8 18. Qe2 Qe7 19. h4 Rd8 20. h5 Qe8 21. Rfe1
Be7 22. Bc2 Bf8 23. Qe4 f5 24. Qf3 Qf7 25. Bb3 Kh8 26. Re5 Re8 27. Rde1 Bd7 28.
Qe2 Re7 29. Bxe6 Bxe6 30. Rxe6 Rxe6 31. Qxe6 Qxh5 32. Re5 Qd1+ 33. Kg2 f4 34.
gxf4 Rd8 35. Qg6 Kg8 36. f5 Qb1 37. Qe6+ Kh8 38. Qf7 Qd1 39. Re4 Qd3 40. Rg4
Qe2 41. Rg6 Qe4+ 42. Kg1 Qd5 43. Re6 b6 44. a4 Rc8 45. Qg6 Kg8 46. Qg4 bxc5 47.
Re5 Qc4 48. Re4 cxd4 49. Rxd4 Qf7 50. f6 Rc7 51. Rd8 Kh7 52. Be5 Rb7 53. Qf5+
g6 54. Qc8 Qb3 55. Rxf8 Qd1+ 56. Kh2 Qh5+ 57. Kg2 Qg5+ 58. Bg3 Qd5+ 59. Kh2 1-0

[Event "2BLW 2122 SG Porz - SC Heimbach-Weis-Ne"]
[Site "?"]
[Date "2022.05.15"]
[Round "6.6"]
[White "Malykin, Vitaly"]
[Black "Ronge, Tim"]
[Result "0-1"]
[WhiteElo "2340"]
[BlackElo "2182"]
[PlyCount "38"]
[EventDate "2022.??.??"]

1. Nf3 Nf6 2. c4 g6 3. Nc3 Bg7 4. e4 e5 5. Nxe5 O-O 6. Nf3 Re8 7. Be2 Nxe4 8.
Nxe4 Rxe4 9. d3 Re8 10. Bg5 Bf6 11. Bxf6 Qxf6 12. Qd2 Nc6 13. O-O d6 14. d4 Bg4
15. Rad1 Re4 16. d5 Ne5 17. Nd4 Rxd4 18. Qxd4 Bxe2 19. f4 Nd7 0-1

[Event "2BLW 2122 SG Porz - SC Heimbach-Weis-Ne"]
[Site "?"]
[Date "2022.05.15"]
[Round "6.7"]
[White "Puth, Dieter"]
[Black "Marcziter, Dmitrii"]
[Result "0-1"]
[WhiteElo "2227"]
[BlackElo "2244"]
[PlyCount "64"]
[EventDate "2022.??.??"]

1. d4 d5 2. c4 e6 3. Nc3 c5 4. cxd5 exd5 5. Nf3 Nc6 6. g3 Nf6 7. Bg2 Be7 8. O-O
O-O 9. Bg5 cxd4 10. Nxd4 h6 11. Bf4 Re8 12. Rc1 Bf8 13. Ncb5 Nh5 14. Be3 Nf6
15. Bf4 Nh5 16. Be3 Nf6 17. Nxc6 bxc6 18. Nxa7 Ng4 19. Nxc6 Nxe3 20. fxe3 Qg5
21. Bxd5 Qxe3+ 22. Kh1 Be6 23. Rf3 Bxd5 24. Qxd5 Qxc1+ 25. Kg2 Rxe2+ 26. Kh3
Rae8 27. Qxf7+ Kh8 28. Nd4 Qc8+ 29. Rf5 R2e5 30. g4 Rxf5 31. Nxf5 Qe6 32. Qa7
Rd8 0-1

[Event "2BLW 2122 SG Porz - SC Heimbach-Weis-Ne"]
[Site "?"]
[Date "2022.05.15"]
[Round "6.8"]
[White "Gallasch, Jonas"]
[Black "Schnur, Edmund"]
[Result "1-0"]
[WhiteElo "2044"]
[BlackElo "1972"]
[PlyCount "49"]
[EventDate "2022.??.??"]

1. d4 Nf6 2. c4 e6 3. Nf3 b6 4. g3 Ba6 5. b3 Bb4+ 6. Bd2 Be7 7. Bg2 d5 8. Nc3
O-O 9. O-O c6 10. cxd5 cxd5 11. Rc1 Ne4 12. Bf4 Nxc3 13. Rxc3 Bb4 14. Rc2 Bd6
15. Qc1 f6 16. Bh3 Re8 17. Qe3 g5 18. Bxe6+ Kg7 19. Nxg5 fxg5 20. Bxg5 Rxe6 21.
Qxe6 Qxg5 22. Qxd6 Qg6 23. Rc7+ Kh6 24. Qf4+ Qg5 25. Qf8+ 1-0

[Event "2BLW 2122 SV Koblenz - SC Hansa Dortmun"]
[Site "?"]
[Date "2022.06.18"]
[Round "7.1"]
[White "Klyuner, Vyacheslav"]
[Black "Sulskis, Sarunas"]
[Result "1/2-1/2"]
[WhiteElo "2443"]
[BlackElo "2487"]
[PlyCount "101"]
[EventDate "2022.??.??"]

1. e4 c6 2. d3 d5 3. Nf3 g6 4. Nbd2 Bg7 5. g3 e5 6. Qe2 Ne7 7. Bg2 O-O 8. O-O
Re8 9. b3 c5 10. Bb2 d4 11. c3 Nbc6 12. cxd4 exd4 13. Rac1 b6 14. a3 Nd5 15.
Nb1 Bg4 16. Qc2 Nc3 17. Nxc3 dxc3 18. Bxc3 Bxc3 19. Qxc3 Bxf3 20. Bxf3 Nd4 21.
Bd1 a5 22. Kg2 Ra7 23. Qc4 Kg7 24. Re1 Ree7 25. Rb1 Red7 26. Re3 Rac7 27. Qc3
f6 28. Bg4 Nb5 29. Qd2 Rd4 30. a4 Na7 31. Be6 Nc6 32. Qe2 Re7 33. Bd5 Ne5 34.
Rd1 f5 35. h3 Qd6 36. f4 Nd7 37. Ba8 Qe6 38. Qb2 Nf6 39. Rde1 Qc8 40. Bd5 Qd8
41. Bc4 fxe4 42. R1e2 Qa8 43. dxe4 Rexe4 44. Rxe4 Nxe4 45. Kh2 Qc6 46. Qc1 Qd6
47. Qe3 h5 48. Kg2 Qd7 49. Bb5 Qd5 50. Bc4 Qd7 51. Bb5 1/2-1/2

[Event "2BLW 2122 SV Koblenz - SC Hansa Dortmun"]
[Site "?"]
[Date "2022.06.18"]
[Round "7.2"]
[White "Wiedenkeller, Michael"]
[Black "Wegener, Olaf"]
[Result "1-0"]
[WhiteElo "2430"]
[BlackElo "2417"]
[PlyCount "129"]
[EventDate "2022.??.??"]

1. d4 Nf6 2. Bg5 d5 3. Bxf6 gxf6 4. e3 c5 5. dxc5 e6 6. c4 dxc4 7. Qxd8+ Kxd8
8. Bxc4 Bxc5 9. Nd2 Ke7 10. Ne2 Rd8 11. O-O-O Nc6 12. Ne4 Bb6 13. Rxd8 Bxd8 14.
N2c3 a6 15. Rd1 Bc7 16. Be2 b6 17. g4 Bb7 18. h3 Rd8 19. Rxd8 Nxd8 20. f4 Nc6
21. Kd2 Nb4 22. a3 Nd5 23. Nxd5+ Bxd5 24. Nc3 Bb7 25. Bd3 h6 26. Be4 Bc8 27.
Ba8 Kd6 28. Ne4+ Ke7 29. Bc6 f5 30. gxf5 e5 31. Nf2 Bxf5 32. e4 Be6 33. f5 Bc4
34. Ng4 Kd6 35. Bb7 h5 36. Ne3 Bb5 37. Bd5 Be8 38. Bc4 b5 39. Be2 h4 40. Nd5
Bc6 41. Nxc7 Kxc7 42. Ke3 f6 43. Kf3 Kd6 44. b4 Ke7 45. Bd3 Kf8 46. Bc2 Kg7 47.
Kg4 Kh6 48. Kxh4 Bb7 49. Kg4 Bc6 50. Kf3 Kg5 51. Bb3 Bb7 52. Bd5 Bc8 53. Bc6
Kh4 54. Kg2 Kh5 55. Kg3 Kg5 56. h4+ Kh5 57. a4 bxa4 58. Bxa4 Bb7 59. Be8+ Kh6
60. Kf3 Kg7 61. Ke3 Kh7 62. b5 axb5 63. Bxb5 Kh6 64. Be2 Bc6 65. Bf3 1-0

[Event "2BLW 2122 SV Koblenz - SC Hansa Dortmun"]
[Site "?"]
[Date "2022.06.18"]
[Round "7.3"]
[White "Scholz, Christian"]
[Black "Schenderowitsch, Michael"]
[Result "1/2-1/2"]
[WhiteElo "2361"]
[BlackElo "2307"]
[PlyCount "105"]
[EventDate "2022.??.??"]

1. d4 e6 2. Nf3 Nf6 3. c4 b6 4. a3 Ba6 5. Qc2 Bb7 6. Nc3 c5 7. e4 cxd4 8. Nxd4
Bc5 9. Nb3 Nc6 10. Nxc5 bxc5 11. Be3 Qe7 12. Qd1 O-O 13. Be2 e5 14. Nd5 Nxd5
15. exd5 Nd4 16. O-O a5 17. Bd3 f5 18. f4 e4 19. Bc2 Nxc2 20. Qxc2 Rfc8 21.
Rae1 Qf6 22. a4 Ba6 23. b3 Qb6 24. Bd2 Rcb8 25. Re3 d6 26. g4 Bc8 27. g5 Bd7
28. h4 Be8 29. Qd1 Qc7 30. h5 Qf7 31. Rh3 Rb7 32. h6 g6 33. Re1 Kf8 34. Qa1 Ke7
35. Qh8 Kd7 36. Rb1 Kc7 37. Bc3 Rbb8 38. Qg7 Kb6 39. Bd2 Ka6 40. Qc3 Qc7 41.
Qf6 Ra7 42. Re1 Rab7 43. Ree3 Qe7 44. Qa1 Bf7 45. Kf2 Bg8 46. Ke2 Qd8 47. Kd1
Bf7 48. Kc2 Bg8 49. Qh8 Qe7 50. Kd1 Qd8 51. Ke1 Qe7 52. Kf2 Qd8 53. Rhg3
1/2-1/2

[Event "2BLW 2122 SV Koblenz - SC Hansa Dortmun"]
[Site "?"]
[Date "2022.06.18"]
[Round "7.4"]
[White "Fritsche, Lutz"]
[Black "Sundorf, Jannik"]
[Result "1/2-1/2"]
[WhiteElo "2310"]
[BlackElo "2200"]
[PlyCount "113"]
[EventDate "2022.??.??"]

1. e4 c5 2. Nc3 Nc6 3. Nf3 g6 4. g3 Bg7 5. Bg2 Nf6 6. O-O O-O 7. Re1 e5 8. Nd5
d6 9. Nxf6+ Qxf6 10. c3 h6 11. d3 Be6 12. Be3 Qe7 13. Qd2 Kh7 14. Nh4 Rad8 15.
f4 exf4 16. Bxf4 Qd7 17. Be3 Ne5 18. Rf1 Bh3 19. Rad1 b6 20. Qe1 Bxg2 21. Nxg2
Qg4 22. Kh1 c4 23. Rf4 Qe6 24. dxc4 Qxc4 25. b3 Qa6 26. Qd2 Qb7 27. Qd5 Qxd5
28. Rxd5 Nc6 29. Bd2 Ne7 30. Rd3 d5 31. exd5 Rxd5 32. Rxd5 Nxd5 33. Rf3 f5 34.
Rd3 Nf6 35. Nf4 Re8 36. Nd5 Ne4 37. Kg2 Rd8 38. c4 g5 39. Bb4 Rd7 40. a4 Rf7
41. Re3 Bd4 42. Re2 Kg7 43. g4 Nc5 44. Bxc5 Bxc5 45. gxf5 Rxf5 46. b4 Bd6 47.
Re6 Bb8 48. Rc6 h5 49. h3 g4 50. hxg4 hxg4 51. Re6 Re5 52. Rxe5 Bxe5 53. Ne3 g3
54. c5 bxc5 55. bxc5 Kf7 56. Nc4 Bc7 57. Nd6+ 1/2-1/2

[Event "2BLW 2122 SV Koblenz - SC Hansa Dortmun"]
[Site "?"]
[Date "2022.06.18"]
[Round "7.5"]
[White "Krueger, Simon"]
[Black "Hammes, Michael"]
[Result "1/2-1/2"]
[WhiteElo "1994"]
[BlackElo "2328"]
[PlyCount "63"]
[EventDate "2022.??.??"]

1. d4 Nf6 2. Nf3 d5 3. c4 e6 4. Nc3 a6 5. cxd5 exd5 6. Bg5 Be6 7. e3 h6 8. Bh4
Bd6 9. Be2 Nbd7 10. Bg3 Qe7 11. Ne5 O-O 12. O-O Rfd8 13. Nxd7 Nxd7 14. Bxd6
Qxd6 15. Bf3 c6 16. a4 a5 17. Qd2 Bf5 18. Rfc1 Nb6 19. Be2 Qg6 20. Bf1 Nc8 21.
Ne2 Nd6 22. b4 axb4 23. Qxb4 Qf6 24. a5 Bd3 25. Nf4 Bxf1 26. Rxf1 Ra7 27. a6
bxa6 28. Qc5 Nb5 29. Ra5 Rda8 30. Rfa1 Qf5 31. Qxc6 Nxd4 32. Qb6 1/2-1/2

[Event "2BLW 2122 SV Koblenz - SC Hansa Dortmun"]
[Site "?"]
[Date "2022.06.18"]
[Round "7.6"]
[White "Repplinger, Marc"]
[Black "Hillebrand, Carsten"]
[Result "1-0"]
[WhiteElo "2217"]
[BlackElo "1990"]
[PlyCount "83"]
[EventDate "2022.??.??"]

1. e4 c5 2. Nc3 g6 3. f4 Bg7 4. Nf3 Nc6 5. Bb5 Qc7 6. d3 a6 7. Bxc6 bxc6 8. O-O
Nf6 9. Qe1 d5 10. Na4 Nd7 11. c4 dxc4 12. dxc4 a5 13. Bd2 O-O 14. e5 Qa7 15.
Be3 Qa6 16. b3 Rb8 17. Rd1 Re8 18. Ng5 Qb7 19. Nxf7 Nf8 20. Nxc5 Qc7 21. Ng5 h6
22. Nge4 Ra8 23. Rd2 Bf5 24. Ng3 Bc8 25. Qf2 Ne6 26. Nge4 Nf8 27. h3 Bf5 28.
Ng3 Bc8 29. Rfd1 Ne6 30. Nge4 Rf8 31. Qh4 Nxc5 32. Nxc5 g5 33. fxg5 Qxe5 34.
Bd4 Qxg5 35. Qxg5 hxg5 36. Bxg7 Kxg7 37. Re1 Ra7 38. Rde2 Rf7 39. Ne6+ Bxe6 40.
Rxe6 a4 41. b4 Rc7 42. R6e5 1-0

[Event "2BLW 2122 SV Koblenz - SC Hansa Dortmun"]
[Site "?"]
[Date "2022.06.18"]
[Round "7.8"]
[White "Steinacker, Alex"]
[Black "Werner, Patrick"]
[Result "1-0"]
[WhiteElo "2300"]
[BlackElo "1887"]
[PlyCount "39"]
[EventDate "2022.??.??"]

1. g3 d5 2. Nf3 c6 3. Bg2 e6 4. O-O f5 5. d3 Nf6 6. Nbd2 Be7 7. Re1 O-O 8. e4
c5 9. exf5 exf5 10. Ne5 Nbd7 11. Ndf3 Ng4 12. Bf4 Ndxe5 13. Nxe5 Bf6 14. d4 c4
15. h3 g5 16. Bd2 Nh6 17. Qh5 Nf7 18. Bb4 Bxe5 19. Bxf8 Bxd4 20. Be7 1-0

[Event "2BLW 2122 SC Heimbach-Weis-Neuwied - SG"]
[Site "?"]
[Date "2022.06.18"]
[Round "7.1"]
[White "Krastev, Alexander"]
[Black "Livaic, Leon"]
[Result "0-1"]
[WhiteElo "2432"]
[BlackElo "2569"]
[PlyCount "86"]
[EventDate "2022.??.??"]

1. e4 c5 2. Nf3 e6 3. Nc3 Nc6 4. d4 cxd4 5. Nxd4 Qc7 6. g3 a6 7. Bg2 h5 8. O-O
h4 9. Re1 d6 10. Nxc6 bxc6 11. e5 d5 12. Na4 Bb7 13. c4 dxc4 14. Be3 c5 15.
Bxb7 Qxb7 16. Nxc5 Bxc5 17. Bxc5 hxg3 18. Qa4+ Qb5 19. Qxb5+ axb5 20. hxg3 Ne7
21. a4 bxa4 22. Re4 Rh5 23. Bd6 Nc8 24. Bc7 c3 25. bxc3 a3 26. Rd4 f6 27. Ra2
Ne7 28. c4 fxe5 29. Re4 Nc6 30. Bd6 Rd8 31. Bxa3 Nd4 32. Bb2 Nf3+ 33. Kg2 Rd3
34. Ra8+ Kd7 35. Ra7+ Kc6 36. Re3 e4 37. Rxd3 Rh2+ 38. Kf1 Rh1+ 39. Kg2 Rg1+
40. Kh3 exd3 41. Bc3 d2 42. Bxd2 Nxd2 43. Rxg7 Nxc4 0-1